[Event "Khazar Cup 2016 (A) Master Tournament"]
[Site "Zibakenar,Iran"]
[Date "2016.02.14"]
[Round "5"]
[Board "1"]
[White "Grigoryan, Karen H."]
[Black "Volkov, Sergey"]
[Result "1/2-1/2"]
[WhiteElo "2606"]
[BlackElo "2607"]
[PlyCount "0"]
[EventDate "2016.02.11"]
[EventRounds "9"]
[EventCountry "IRI"]

1. c4 {[%clk 1:28:22]} e5 {[%clk 1:30:37]} 2. Nc3 {[%clk 1:28:12]} Bb4
{[%clk 1:30:56]} 3. Nd5 {[%clk 1:26:41]} Bc5 {[%clk 1:31:13]} 4. e3
{[%clk 1:21:49]} Nf6 {[%clk 1:31:24]} 5. Nf3 {[%clk 1:14:45]} Nxd5
{[%clk 1:23:50]} 6. cxd5 {[%clk 1:15:06]} d6 {[%clk 1:24:13]} 7. d4
{[%clk 1:11:11]} exd4 {[%clk 1:21:27]} 8. Nxd4 {[%clk 1:11:11]} Nd7
{[%clk 1:20:03]} 9. g3 {[%clk 1:03:53]} Ne5 {[%clk 1:08:26]} 10. Bg2
{[%clk 1:02:40]} Bg4 {[%clk 1:08:10]} 11. f3 {[%clk 1:02:19]} Bd7
{[%clk 1:08:26]} 12. O-O {[%clk 1:01:21]} O-O {[%clk 1:06:47]} 13. b3
{[%clk 1:00:43]} Re8 {[%clk 1:05:40]} 14. h3 {[%clk 0:58:14]} Bxd4
{[%clk 0:58:32]} 15. Qxd4 {[%clk 0:56:56]} Bb5 {[%clk 0:58:54]} 16. Rf2
{[%clk 0:55:01]} Nd3 {[%clk 0:58:14]} 17. Rd2 {[%clk 0:52:26]} Nxc1 18. Rxc1
{[%clk 0:52:50]} a5 {[%clk 0:50:00]} 19. f4 {[%clk 0:50:57]} a4 {[%clk 0:48:51]}
20. b4 {[%clk 0:50:44]} h6 {[%clk 0:33:33]} 21. a3 {[%clk 0:50:17]} Qe7
{[%clk 0:31:05]} 22. Kf2 {[%clk 0:50:04]} Rad8 {[%clk 0:30:18]} 23. Bf3
{[%clk 0:49:30]} Qd7 {[%clk 0:29:39]} 24. Bg2 {[%clk 0:46:38]} Qe7
{[%clk 0:26:34]} 25. Rc3 {[%clk 0:46:56]} Qd7 {[%clk 0:26:15]} 26. Qa7
{[%clk 0:43:00]} Ba6 {[%clk 0:26:08]} 27. Rdc2 {[%clk 0:41:49]} Rc8
{[%clk 0:26:01]} 28. Qd4 {[%clk 0:39:26]} Bb5 {[%clk 0:26:22]} 29. g4 c6
{[%clk 0:23:44]} 30. Qb6 {[%clk 0:31:31]} Rb8 {[%clk 0:20:54]} 31. Bf3
{[%clk 0:30:38]} Qe7 {[%clk 0:20:56]} 32. Kg3 {[%clk 0:30:56]} Qf6
{[%clk 0:20:29]} 33. h4 {[%clk 0:28:14]} g5 {[%clk 0:20:51]} 34. hxg5
{[%clk 0:28:10]} hxg5 {[%clk 0:21:16]} 35. Qd4 {[%clk 0:26:32]} gxf4+
{[%clk 0:20:52]} 36. Qxf4 {[%clk 0:26:57]} Qe5 {[%clk 0:21:11]} 37. Qxe5
{[%clk 0:25:21]} Rxe5 {[%clk 0:19:32]} 38. Rd2 {[%clk 0:24:51]} Rd8
{[%clk 0:18:21]} 39. Kf4 {[%clk 0:24:04]} Re7 {[%clk 0:17:49]} 40. g5
{[%clk 0:22:04]} Kg7 {[%clk 0:17:53]} 41. Rdc2 {[%clk 0:20:57]} Rh8
{[%clk 0:16:39]} 42. Rd2 {[%clk 0:19:54]} Rd8 {[%clk 0:17:03]} 43. Rh2
{[%clk 0:19:44]} Rde8 {[%clk 0:16:42]} 44. Rh6 {[%clk 0:19:49]} Rd8
{[%clk 0:15:59]} 45. Rc2 {[%clk 0:18:13]} cxd5 {[%clk 0:15:21]} 46. Bxd5
{[%clk 0:17:07]} Bd3 {[%clk 0:15:49]} 47. Rc3 {[%clk 0:16:48]} Bg6
{[%clk 0:16:01]} 48. b5 {[%clk 0:13:45]} Rde8 {[%clk 0:15:15]} 49. b6
{[%clk 0:11:26]} Re5 {[%clk 0:14:49]} 50. Bxb7 {[%clk 0:11:29]} Rf5+
{[%clk 0:14:15]} 51. Kg4 {[%clk 0:11:55]} Ree5 {[%clk 0:13:27]} 52. Rh4
{[%clk 0:10:37]} Rb5 {[%clk 0:10:56]} 53. Bc8 {[%clk 0:09:49]} Rxg5+
{[%clk 0:05:43]} 54. Kf4 {[%clk 0:10:14]} Rge5 {[%clk 0:04:26]} 55. b7
{[%clk 0:09:58]} Be4 {[%clk 0:04:35]} 56. Rc7 {[%clk 0:10:05]} Bd5
{[%clk 0:04:53]} 57. Bf5 {[%clk 0:06:37]} Rxb7 {[%clk 0:03:35]} 58. Rh7+
{[%clk 0:06:59]} Kf6 {[%clk 0:03:05]} 59. Rh6+ {[%clk 0:07:07]} Kg7
{[%clk 0:03:33]} 60. Rh7+ {[%clk 0:05:35]} Kf6 {[%clk 0:04:00]} 61. Rh6+
{[%clk 0:05:59]} Kg7 {[%clk 0:04:29]} 62. Rxb7 {[%clk 0:05:47]} Bxb7
{[%clk 0:04:34]} 63. Rxd6 {[%clk 0:06:11]} Rc5 {[%clk 0:04:55]} 64. Bd7
{[%clk 0:03:14]} Rc3 {[%clk 0:04:58]} 65. Bxa4 {[%clk 0:02:37]} Rxa3
{[%clk 0:05:18]} 66. Rd4 {[%clk 0:03:01]} Bc8 {[%clk 0:04:27]} 67. Bc6
{[%clk 0:03:19]} Be6 {[%clk 0:04:41]} 68. e4 {[%clk 0:03:21]} Kf6
{[%clk 0:04:32]} 69. e5+ {[%clk 0:03:41]} Kg7 {[%clk 0:04:53]} 70. Rd1
{[%clk 0:03:40]} f6 {[%clk 0:04:21]} 71. Rd6 {[%clk 0:03:37]} fxe5+
{[%clk 0:04:36]} 72. Kxe5 {[%clk 0:03:59]} Bf7 {[%clk 0:04:57]} 73. Rd7
{[%clk 0:04:12]} Ra5+ {[%clk 0:05:07]} 74. Bd5 {[%clk 0:04:35]} Rxd5+
{[%clk 0:05:34]} 75. Rxd5 {[%clk 0:05:00]} Bxd5 {[%clk 0:06:02]} 76. Kxd5 1/2-1/2

[Event "Khazar Cup 2016 (A) Master Tournament"]
[Site "Zibakenar,Iran"]
[Date "2016.02.14"]
[Round "5"]
[Board "2"]
[White "Mosadeghpour, Masoud"]
[Black "Gabuzyan, Hovhannes"]
[Result "1-0"]
[WhiteElo "2462"]
[BlackElo "2593"]
[PlyCount "0"]
[EventDate "2016.02.11"]
[EventRounds "9"]
[EventCountry "IRI"]

1. Nf3 {[%clk 1:30:58]} Nf6 {[%clk 1:27:39]} 2. g3 {[%clk 1:31:20]} b6
{[%clk 1:27:58]} 3. Bg2 {[%clk 1:31:20]} Bb7 {[%clk 1:28:25]} 4. b3
{[%clk 1:31:26]} e5 {[%clk 1:23:28]} 5. d3 {[%clk 1:30:06]} Bb4+ {[%clk 1:23:38]}
6. c3 {[%clk 1:29:37]} Be7 {[%clk 1:23:45]} 7. O-O {[%clk 1:29:20]} d6
{[%clk 1:24:11]} 8. c4 {[%clk 1:26:15]} O-O {[%clk 1:23:37]} 9. Nc3
{[%clk 1:26:03]} Re8 {[%clk 1:22:03]} 10. Re1 {[%clk 1:24:12]} c6
{[%clk 1:17:51]} 11. Bb2 {[%clk 1:22:06]} Nbd7 {[%clk 1:18:14]} 12. e4
{[%clk 1:20:28]} a6 {[%clk 1:15:27]} 13. a4 {[%clk 1:15:33]} Bf8 {[%clk 1:14:52]}
14. d4 {[%clk 1:15:01]} g6 {[%clk 1:13:56]} 15. d5 {[%clk 1:12:39]} cxd5
{[%clk 1:10:43]} 16. cxd5 {[%clk 1:10:34]} Rc8 {[%clk 1:10:21]} 17. Nd2
{[%clk 1:07:55]} Nc5 {[%clk 1:06:44]} 18. Bf1 {[%clk 1:06:38]} Bh6
{[%clk 1:04:48]} 19. Nc4 {[%clk 1:04:55]} b5 {[%clk 1:02:54]} 20. axb5
{[%clk 1:04:33]} axb5 {[%clk 1:03:16]} 21. Nxb5 {[%clk 1:04:42]} Ncxe4
{[%clk 1:02:48]} 22. Bg2 {[%clk 1:03:59]} Rc5 {[%clk 1:02:48]} 23. Nc3
{[%clk 0:57:44]} Nxc3 {[%clk 1:01:47]} 24. Bxc3 {[%clk 0:58:11]} Bf8
{[%clk 1:00:29]} 25. Ba5 {[%clk 0:54:05]} Qd7 {[%clk 0:56:54]} 26. Nb6
{[%clk 0:46:55]} Qf5 {[%clk 0:57:20]} 27. Ra2 {[%clk 0:46:53]} e4
{[%clk 0:51:41]} 28. b4 {[%clk 0:43:38]} Rc3 {[%clk 0:51:55]} 29. Rae2
{[%clk 0:31:06]} Rd3 {[%clk 0:40:24]} 30. Qa4 {[%clk 0:31:05]} Re7
{[%clk 0:23:37]} 31. b5 {[%clk 0:28:46]} e3 {[%clk 0:19:58]} 32. fxe3
{[%clk 0:26:21]} Bh6 {[%clk 0:17:57]} 33. e4 {[%clk 0:17:41]} Qe5
{[%clk 0:18:25]} 34. Qc4 {[%clk 0:17:25]} Ra3 {[%clk 0:16:23]} 35. Bb4
{[%clk 0:17:31]} Ra1 {[%clk 0:16:46]} 36. Bc3 {[%clk 0:13:05]} Rxe1+
{[%clk 0:17:14]} 37. Rxe1 {[%clk 0:13:29]} Qg5 {[%clk 0:17:42]} 38. Nc8
{[%clk 0:12:03]} Bxc8 {[%clk 0:16:38]} 39. Qxc8+ {[%clk 0:12:24]} Re8
{[%clk 0:17:04]} 40. Qc6 {[%clk 0:12:14]} Rd8 {[%clk 0:15:47]} 41. b6
{[%clk 0:11:22]} Nd7 {[%clk 0:15:40]} 42. b7 {[%clk 0:10:44]} Qe7
{[%clk 0:15:38]} 43. Ba5 {[%clk 0:09:47]} Re8 {[%clk 0:15:53]} 44. Bc7
{[%clk 0:08:50]} Bf8 {[%clk 0:16:21]} 45. Rb1 {[%clk 0:09:09]} Ne5
{[%clk 0:15:32]} 46. Qxe8 {[%clk 0:09:22]} Qxe8 {[%clk 0:15:55]} 47. b8=Q
{[%clk 0:09:46]} 1-0

[Event "Khazar Cup 2016 (A) Master Tournament"]
[Site "Zibakenar,Iran"]
[Date "2016.02.14"]
[Round "5"]
[Board "3"]
[White "Mirzoev, Azer"]
[Black "Maghsoodloo, Parham"]
[Result "1/2-1/2"]
[WhiteElo "2539"]
[BlackElo "2461"]
[PlyCount "0"]
[EventDate "2016.02.11"]
[EventRounds "9"]
[EventCountry "IRI"]

1. Nf3 Nf6 {[%clk 1:28:21]} 2. c4 {[%clk 1:27:41]} g6 {[%clk 1:28:35]} 3. Nc3
{[%clk 1:28:07]} Bg7 {[%clk 1:28:22]} 4. e4 {[%clk 1:28:29]} d6 {[%clk 1:28:48]}
5. d4 {[%clk 1:28:54]} O-O {[%clk 1:29:12]} 6. Be2 {[%clk 1:29:21]} e5
{[%clk 1:29:27]} 7. dxe5 {[%clk 1:27:40]} dxe5 {[%clk 1:29:50]} 8. Qxd8
{[%clk 1:28:08]} Rxd8 {[%clk 1:30:18]} 9. Bg5 {[%clk 1:28:27]} c6
{[%clk 1:16:00]} 10. Nxe5 {[%clk 1:25:49]} Re8 {[%clk 1:12:38]} 11. O-O-O
{[%clk 1:25:53]} Na6 {[%clk 1:07:19]} 12. Rd6 {[%clk 1:23:28]} Nxe4
{[%clk 1:04:18]} 13. Nxe4 {[%clk 1:23:13]} Bxe5 {[%clk 1:04:41]} 14. Nf6+
{[%clk 1:21:20]} Bxf6 {[%clk 1:05:10]} 15. Bxf6 {[%clk 1:21:41]} Bf5
{[%clk 1:05:36]} 16. Kd2 {[%clk 1:08:40]} Nc5 {[%clk 1:03:41]} 17. f3
{[%clk 1:09:04]} Re6 {[%clk 1:04:10]} 18. Rxe6 {[%clk 1:09:23]} Bxe6
{[%clk 1:04:38]} 19. h4 {[%clk 1:05:24]} Nd7 {[%clk 0:57:25]} 20. Bc3
{[%clk 1:05:47]} a6 {[%clk 0:56:15]} 21. h5 {[%clk 1:01:59]} g5 {[%clk 0:51:53]}
22. Rd1 {[%clk 0:57:41]} Nb6 {[%clk 0:48:13]} 23. b3 {[%clk 0:57:35]} Rd8+
{[%clk 0:48:36]} 24. Ke3 {[%clk 0:57:28]} Rxd1 {[%clk 0:49:00]} 25. Bxd1
{[%clk 0:57:44]} f5 {[%clk 0:48:14]} 26. g4 {[%clk 0:38:05]} fxg4
{[%clk 0:48:36]} 27. f4 {[%clk 0:38:16]} gxf4+ {[%clk 0:43:36]} 28. Kxf4
{[%clk 0:38:44]} Nd7 {[%clk 0:43:45]} 29. Bxg4 {[%clk 0:39:09]} Bxg4
{[%clk 0:44:13]} 30. Kxg4 {[%clk 0:39:33]} b5 {[%clk 0:44:29]} 31. cxb5
{[%clk 0:37:09]} cxb5 {[%clk 0:44:40]} 32. Kf5 {[%clk 0:37:37]} Kf7
{[%clk 0:45:09]} 33. Bd4 {[%clk 0:37:58]} Ke7 {[%clk 0:44:54]} 34. Be3
{[%clk 0:36:50]} a5 {[%clk 0:36:57]} 35. Bd2 {[%clk 0:36:06]} a4 {[%clk 0:37:07]}
36. b4 {[%clk 0:34:46]} Kd6 {[%clk 0:34:30]} 37. Bc3 {[%clk 0:32:51]} Ke7
{[%clk 0:30:25]} 38. Bd4 {[%clk 0:30:29]} Kf7 {[%clk 0:30:12]} 39. a3
{[%clk 0:29:00]} Ke7 {[%clk 0:30:35]} 40. Be3 {[%clk 0:26:32]} Kf7
{[%clk 0:29:51]} 41. Bd4 {[%clk 0:26:30]} Ke7 {[%clk 0:30:20]} 42. Be3
{[%clk 0:26:52]} Kf7 {[%clk 0:30:44]} 43. Bd4 {[%clk 0:27:15]} 1/2-1/2

[Event "Khazar Cup 2016 (A) Master Tournament"]
[Site "Zibakenar,Iran"]
[Date "2016.02.14"]
[Round "5"]
[Board "4"]
[White "Tiviakov, Sergei"]
[Black "Aghaei, Alireza"]
[Result "1-0"]
[WhiteElo "2613"]
[BlackElo "2206"]
[PlyCount "0"]
[EventDate "2016.02.11"]
[EventRounds "9"]
[EventCountry "IRI"]

1. e4 d6 2. d4 {[%clk 1:31:21]} Nf6 {[%clk 1:31:02]} 3. Nc3 {[%clk 1:31:44]} g6
{[%clk 1:31:12]} 4. Bg5 {[%clk 1:32:04]} Bg7 {[%clk 1:31:24]} 5. f4
{[%clk 1:27:40]} O-O {[%clk 1:30:10]} 6. Qd2 {[%clk 1:27:34]} c6 {[%clk 1:23:30]}
7. Nf3 {[%clk 1:26:26]} d5 {[%clk 1:21:05]} 8. Bxf6 {[%clk 0:34:15]} exf6
{[%clk 1:21:05]} 9. exd5 {[%clk 0:34:15]} cxd5 {[%clk 1:21:05]} 10. O-O-O
{[%clk 0:34:15]} Nc6 {[%clk 1:21:05]} 11. h3 {[%clk 0:34:15]} a6 {[%clk 1:21:05]}
12. Kb1 {[%clk 0:34:15]} b5 {[%clk 1:21:05]} 13. g4 {[%clk 0:34:15]} Na5
{[%clk 1:21:05]} 14. f5 {[%clk 0:34:15]} Nc4 {[%clk 1:21:05]} 15. Qc1
{[%clk 0:34:15]} g5 {[%clk 1:21:05]} 16. h4 {[%clk 0:34:15]} h6 {[%clk 1:21:05]}
17. Bd3 {[%clk 0:34:15]} Bb7 {[%clk 1:21:05]} 18. Rh3 {[%clk 0:34:15]} Re8
{[%clk 1:21:05]} 19. Rdh1 {[%clk 0:34:15]} Kf8 {[%clk 1:21:05]} 20. hxg5
{[%clk 0:34:15]} fxg5 {[%clk 1:21:05]} 21. Rxh6 {[%clk 0:34:15]} Bxh6
{[%clk 1:21:05]} 22. Rxh6 Ke7 {[%clk 1:21:05]} 23. Bxc4 {[%clk 0:34:15]} dxc4
{[%clk 1:21:05]} 24. Ne5 {[%clk 0:34:22]} Rg8 {[%clk 0:19:50]} 25. f6+
{[%clk 0:34:44]} Kf8 {[%clk 0:14:53]} 26. Qe3 {[%clk 0:32:44]} b4
{[%clk 0:04:19]} 27. Rh7 {[%clk 0:32:13]} Bd5 {[%clk 0:04:39]} 28. Nxd5
{[%clk 0:32:30]} Qxd5 {[%clk 0:04:56]} 29. Ng6+ {[%clk 0:32:45]} 1-0

[Event "Khazar Cup 2016 (A) Master Tournament"]
[Site "Zibakenar,Iran"]
[Date "2016.02.14"]
[Round "5"]
[Board "5"]
[White "Mousavi, Seyed Khalil"]
[Black "Idani, Pouya"]
[Result "1/2-1/2"]
[WhiteElo "2417"]
[BlackElo "2568"]
[PlyCount "0"]
[EventDate "2016.02.11"]
[EventRounds "9"]
[EventCountry "IRI"]

1. c4 Nf6 2. Nc3 c5 3. g3 g6 4. Bg2 Bg7 5. e3 O-O 6. Nge2 Nc6 7. O-O d6 8. d4
cxd4 9. exd4 Bg4 10. h3 Bxe2 11. Nxe2 d5 12. cxd5 Nxd5 13. Nc3 Nxc3 14. bxc3 Rc8
15. Re1 Re8 16. Ba3 e6 17. Qa4 Qc7 18. Rab1 Red8 19. Bxc6 Qxc6 20. Qxc6 Rxc6 21.
Rxb7 Rxc3 22. Be7 Rdc8 23. Bc5 a5 24. Reb1 h5 25. Rb8 Rxb8 26. Rxb8+ Kh7 27. Rb7
Kg8 28. Rb8+ Kh7 29. Rb7 Kg8 30. Rb8+ 1/2-1/2

[Event "Khazar Cup 2016 (A) Master Tournament"]
[Site "Zibakenar,Iran"]
[Date "2016.02.14"]
[Round "5"]
[Board "6"]
[White "Guliev, Logman"]
[Black "Pourramezanali, Amirreza"]
[Result "0-1"]
[WhiteElo "2408"]
[BlackElo "2503"]
[PlyCount "0"]
[EventDate "2016.02.11"]
[EventRounds "9"]
[EventCountry "IRI"]

1. e4 {[%clk 1:30:56]} e6 {[%clk 1:30:48]} 2. d4 {[%clk 1:31:19]} d5
{[%clk 1:31:11]} 3. Nc3 {[%clk 1:31:41]} Bb4 {[%clk 1:31:36]} 4. e5
{[%clk 1:32:02]} c5 {[%clk 1:32:01]} 5. a3 {[%clk 1:32:25]} Bxc3+
{[%clk 1:32:27]} 6. bxc3 {[%clk 1:32:49]} Ne7 {[%clk 1:32:52]} 7. Qg4
{[%clk 1:32:31]} O-O {[%clk 1:33:16]} 8. Bd3 {[%clk 1:32:48]} Nd7
{[%clk 1:33:41]} 9. Nf3 {[%clk 1:28:59]} f5 {[%clk 1:34:04]} 10. exf6
{[%clk 1:29:10]} Nxf6 {[%clk 1:34:26]} 11. Qh4 {[%clk 1:15:57]} c4
{[%clk 1:33:59]} 12. Be2 {[%clk 1:16:09]} Nf5 {[%clk 1:19:30]} 13. Qh3
{[%clk 1:15:37]} e5 {[%clk 1:16:27]} 14. g4 {[%clk 1:11:29]} Nxg4
{[%clk 1:16:13]} 15. Qxg4 {[%clk 1:11:38]} Nxd4 {[%clk 1:16:22]} 16. Qg3
{[%clk 1:07:44]} Nxc2+ {[%clk 1:16:08]} 17. Kf1 {[%clk 1:08:08]} Nxa1
{[%clk 1:16:01]} 18. Rg1 {[%clk 1:07:46]} Qf6 {[%clk 1:15:32]} 19. Bg5
{[%clk 1:07:53]} Qf5 {[%clk 1:15:10]} 20. Kg2 {[%clk 1:05:46]} Nb3
{[%clk 1:11:53]} 21. Kh1 {[%clk 0:58:06]} g6 {[%clk 1:11:39]} 22. Bh6
{[%clk 0:57:13]} Be6 {[%clk 1:05:37]} 23. Ng5 {[%clk 0:45:48]} Nc5
{[%clk 1:01:56]} 24. Qe3 {[%clk 0:43:42]} d4 {[%clk 0:56:49]} 25. cxd4
{[%clk 0:39:08]} exd4 {[%clk 0:57:10]} 26. Qg3 {[%clk 0:33:51]} Bd5+
{[%clk 0:53:16]} 27. f3 {[%clk 0:34:14]} d3 {[%clk 0:52:34]} 28. Bd1
{[%clk 0:34:35]} Ne6 {[%clk 0:52:56]} 0-1

[Event "Khazar Cup 2016 (A) Master Tournament"]
[Site "Zibakenar,Iran"]
[Date "2016.02.14"]
[Round "5"]
[Board "7"]
[White "Stopa, Jacek"]
[Black "Gholami, Aryan"]
[Result "1-0"]
[WhiteElo "2460"]
[BlackElo "2417"]
[PlyCount "0"]
[EventDate "2016.02.11"]
[EventRounds "9"]
[EventCountry "IRI"]

1. d4 {[%clk 1:30:58]} Nf6 {[%clk 1:30:35]} 2. c4 {[%clk 1:30:58]} e6
{[%clk 1:30:35]} 3. Nf3 {[%clk 1:30:58]} d5 {[%clk 1:30:13]} 4. g3
{[%clk 1:31:34]} dxc4 {[%clk 1:29:05]} 5. Bg2 {[%clk 1:31:35]} a6
{[%clk 1:27:58]} 6. O-O {[%clk 1:28:07]} c5 {[%clk 1:23:13]} 7. dxc5
{[%clk 1:25:32]} Qxd1 {[%clk 1:21:57]} 8. Rxd1 {[%clk 1:25:56]} Bxc5
{[%clk 1:19:32]} 9. Ne5 {[%clk 1:24:56]} O-O {[%clk 1:16:44]} 10. Nc3
{[%clk 1:22:08]} Ba7 {[%clk 0:57:23]} 11. Nxc4 {[%clk 1:19:10]} Ng4
{[%clk 0:57:22]} 12. e3 {[%clk 1:16:30]} Nc6 {[%clk 0:53:12]} 13. b3
{[%clk 1:13:20]} Rd8 {[%clk 0:49:14]} 14. Ba3 {[%clk 0:49:16]} Bd7
{[%clk 0:49:14]} 15. Nd6 {[%clk 0:49:16]} Rab8 {[%clk 0:49:14]} 16. Nxb7
{[%clk 0:49:16]} Rxb7 {[%clk 0:49:14]} 17. Bxc6 Rc7 18. Rxd7 {[%clk 0:49:16]}
Rdxd7 {[%clk 0:40:52]} 19. Bxd7 {[%clk 0:49:42]} Rxd7 {[%clk 0:39:57]} 20. Rd1
{[%clk 0:49:44]} Rxd1+ {[%clk 0:39:58]} 21. Nxd1 {[%clk 0:50:13]} f5
{[%clk 0:40:04]} 22. Bb2 {[%clk 0:48:56]} Kf7 {[%clk 0:39:21]} 23. h3
{[%clk 0:49:13]} Nf6 {[%clk 0:39:06]} 24. Nc3 {[%clk 0:48:43]} e5
{[%clk 0:38:11]} 25. Kf1 {[%clk 0:48:12]} Ke6 {[%clk 0:37:19]} 26. Ke2
{[%clk 0:48:32]} e4 {[%clk 0:33:34]} 27. Kd2 {[%clk 0:44:05]} g5 {[%clk 0:31:06]}
28. Ne2 {[%clk 0:40:59]} Nd5 {[%clk 0:30:35]} 29. Bd4 {[%clk 0:40:34]} Bb8
{[%clk 0:28:26]} 30. a3 {[%clk 0:35:51]} a5 {[%clk 0:19:22]} 31. Bc3
{[%clk 0:30:25]} Nxc3 {[%clk 0:18:11]} 32. Kxc3 {[%clk 0:30:12]} Kd5
{[%clk 0:17:38]} 33. b4 {[%clk 0:29:35]} Be5+ {[%clk 0:10:46]} 34. Kb3
{[%clk 0:29:51]} a4+ {[%clk 0:09:31]} 35. Kxa4 {[%clk 0:29:25]} Kc4
{[%clk 0:09:56]} 36. b5 {[%clk 0:25:22]} Bc7 {[%clk 0:09:19]} 37. Nd4
{[%clk 0:22:16]} f4 {[%clk 0:09:20]} 38. Ne6 {[%clk 0:19:53]} fxe3
{[%clk 0:07:16]} 39. fxe3 {[%clk 0:20:03]} Bb6 {[%clk 0:06:51]} 40. Nxg5
{[%clk 0:20:23]} Kd3 {[%clk 0:07:09]} 41. Nxh7 {[%clk 0:18:22]} Bd8
{[%clk 0:06:45]} 42. g4 {[%clk 0:16:34]} Kxe3 {[%clk 0:06:33]} 43. g5
{[%clk 0:16:41]} Bc7 {[%clk 0:06:33]} 44. Nf6 {[%clk 0:15:26]} Kd4
{[%clk 0:06:05]} 45. g6 {[%clk 0:10:39]} e3 {[%clk 0:06:25]} 46. g7
{[%clk 0:11:04]} e2 {[%clk 0:06:50]} 47. g8=Q {[%clk 0:11:30]} e1=Q
{[%clk 0:07:08]} 48. Qd5+ {[%clk 0:11:49]} Kc3 {[%clk 0:06:58]} 49. Ne4+
{[%clk 0:12:07]} Kc2 {[%clk 0:06:56]} 50. Qb3+ {[%clk 0:12:19]} Kc1
{[%clk 0:07:19]} 51. Qc3+ {[%clk 0:12:19]} 1-0

[Event "Khazar Cup 2016 (A) Master Tournament"]
[Site "Zibakenar,Iran"]
[Date "2016.02.14"]
[Round "5"]
[Board "8"]
[White "Grabliauskas, Virginijus"]
[Black "Starostits, Ilmars"]
[Result "1/2-1/2"]
[WhiteElo "2322"]
[BlackElo "2437"]
[PlyCount "0"]
[EventDate "2016.02.11"]
[EventRounds "9"]
[EventCountry "IRI"]

1. Nf3 {[%clk 1:30:52]} Nc6 {[%clk 1:28:01]} 2. d4 {[%clk 1:29:58]} d5
{[%clk 1:28:26]} 3. g3 {[%clk 1:28:54]} Bg4 {[%clk 1:28:22]} 4. Bg2
{[%clk 1:29:17]} Qd7 {[%clk 1:28:48]} 5. h3 {[%clk 1:28:59]} Bf5 {[%clk 1:28:15]}
6. c4 {[%clk 1:28:28]} e6 {[%clk 1:24:21]} 7. Nc3 {[%clk 1:24:58]} O-O-O
{[%clk 1:23:55]} 8. O-O {[%clk 1:24:04]} Nf6 {[%clk 1:17:48]} 9. Bg5
{[%clk 1:06:25]} Be7 {[%clk 1:16:00]} 10. Qa4 {[%clk 1:02:17]} Ne4
{[%clk 1:12:26]} 11. Bxe7 {[%clk 0:51:45]} Qxe7 {[%clk 1:12:26]} 12. Rac1
{[%clk 0:49:27]} f6 {[%clk 0:47:23]} 13. cxd5 {[%clk 0:49:27]} Nxc3
{[%clk 0:47:23]} 14. Rxc3 {[%clk 0:49:27]} exd5 15. Rfc1 Rd6 16. b4
{[%clk 0:34:53]} a6 {[%clk 0:47:23]} 17. b5 {[%clk 0:35:08]} Na7 {[%clk 0:47:11]}
18. Nh4 {[%clk 0:29:22]} Be6 {[%clk 0:44:04]} 19. bxa6 {[%clk 0:24:50]} Rxa6
{[%clk 0:44:25]} 20. Qc2 {[%clk 0:22:33]} c6 {[%clk 0:42:32]} 21. e4
{[%clk 0:22:22]} Rd8 {[%clk 0:37:12]} 22. exd5 {[%clk 0:20:39]} Bxd5
{[%clk 0:37:37]} 23. Nf5 {[%clk 0:20:24]} Qc7 {[%clk 0:33:40]} 24. Bxd5
{[%clk 0:19:14]} Rxd5 {[%clk 0:34:06]} 25. Re3 {[%clk 0:18:47]} Kb8
{[%clk 0:34:28]} 26. Re8+ {[%clk 0:14:05]} Rd8 {[%clk 0:34:29]} 27. Re7
{[%clk 0:13:25]} Rd7 {[%clk 0:34:52]} 28. d5 {[%clk 0:12:23]} Nc8
{[%clk 0:33:59]} 29. Rxd7 {[%clk 0:08:17]} Qxd7 {[%clk 0:28:42]} 30. Ne3
{[%clk 0:06:17]} cxd5 {[%clk 0:28:20]} 31. Qxh7 {[%clk 0:05:56]} d4
{[%clk 0:27:13]} 32. Qf5 {[%clk 0:05:40]} Rd6 {[%clk 0:22:43]} 33. Qxd7
{[%clk 0:06:00]} Rxd7 {[%clk 0:23:10]} 34. Nf5 {[%clk 0:06:06]} Na7
{[%clk 0:22:21]} 35. Kg2 {[%clk 0:05:51]} Nc6 {[%clk 0:22:46]} 1/2-1/2

[Event "Khazar Cup 2016 (A) Master Tournament"]
[Site "Zibakenar,Iran"]
[Date "2016.02.14"]
[Round "5"]
[Board "9"]
[White "Godarz, Kasra"]
[Black "Malaniuk, Vladimir P"]
[Result "1/2-1/2"]
[WhiteElo "2123"]
[BlackElo "2482"]
[PlyCount "0"]
[EventDate "2016.02.11"]
[EventRounds "9"]
[EventCountry "IRI"]

1. e4 {[%clk 1:30:48]} d6 {[%clk 1:30:46]} 2. d4 {[%clk 1:30:38]} Nf6
{[%clk 1:31:07]} 3. Nc3 {[%clk 1:30:47]} e5 {[%clk 1:31:30]} 4. Nf3
{[%clk 1:31:05]} Nbd7 {[%clk 1:31:53]} 5. Bc4 {[%clk 1:31:27]} Be7
{[%clk 1:32:16]} 6. O-O {[%clk 1:31:42]} O-O {[%clk 1:32:40]} 7. Qe2
{[%clk 1:30:58]} c6 {[%clk 1:32:01]} 8. a4 {[%clk 1:31:17]} exd4 {[%clk 1:31:23]}
9. Nxd4 {[%clk 1:31:35]} Re8 {[%clk 1:31:37]} 10. a5 {[%clk 1:31:57]} Bf8
{[%clk 1:28:44]} 11. a6 {[%clk 1:17:56]} Nc5 {[%clk 0:52:17]} 12. axb7
{[%clk 0:51:10]} Bxb7 {[%clk 0:52:17]} 13. Bd3 {[%clk 0:51:10]} h6 14. Qf3 d5
{[%clk 0:27:20]} 15. exd5 {[%clk 0:49:47]} Nxd3 {[%clk 0:27:43]} 16. cxd3
{[%clk 0:47:24]} Nxd5 {[%clk 0:27:39]} 17. Nxd5 {[%clk 0:47:37]} cxd5
{[%clk 0:25:03]} 18. Be3 {[%clk 0:44:43]} Qd7 {[%clk 0:23:31]} 19. Rfc1
{[%clk 0:43:50]} Rec8 {[%clk 0:14:12]} 20. Rxc8 {[%clk 0:42:49]} Qxc8
{[%clk 0:09:46]} 21. Qg3 {[%clk 0:42:27]} Qd8 {[%clk 0:07:55]} 22. h3
{[%clk 0:36:40]} Kh7 {[%clk 0:06:33]} 23. Qf4 {[%clk 0:32:16]} Qd7
{[%clk 0:06:06]} 24. Nf3 {[%clk 0:31:37]} Kg8 {[%clk 0:06:01]} 25. Rxa7
{[%clk 0:30:31]} Rxa7 {[%clk 0:06:19]} 26. Bxa7 {[%clk 0:30:56]} Ba6
{[%clk 0:06:39]} 27. Bd4 {[%clk 0:31:01]} Bxd3 {[%clk 0:06:16]} 28. Qb8
{[%clk 0:25:46]} Qd6 {[%clk 0:06:04]} 29. Qa8 {[%clk 0:24:48]} Be4
{[%clk 0:04:24]} 30. Nd2 {[%clk 0:23:46]} Bc2 {[%clk 0:04:38]} 31. Nf1
{[%clk 0:24:07]} f6 {[%clk 0:02:48]} 32. Ne3 {[%clk 0:23:11]} Bb3
{[%clk 0:03:05]} 33. Nf5 {[%clk 0:22:38]} 1/2-1/2

[Event "Khazar Cup 2016 (A) Master Tournament"]
[Site "Zibakenar,Iran"]
[Date "2016.02.14"]
[Round "5"]
[Board "10"]
[White "Ghaem Maghami, Ehsan"]
[Black "Pilvaieh, Ali"]
[Result "1-0"]
[WhiteElo "2570"]
[BlackElo "2167"]
[PlyCount "0"]
[EventDate "2016.02.11"]
[EventRounds "9"]
[EventCountry "IRI"]

1. d4 Nf6 2. Nf3 c5 3. d5 d6 4. Nc3 g6 5. e4 Bg7 6. Bc4 O-O 7. O-O Na6 8. Re1 Bg4
9. Bg5 Nd7 10. Be2 Bxf3 11. Bxf3 Nc7 12. a4 a6 13. Qd2 Rb8 14. Bh6 b5 15. h4 b4
16. Nd1 Ne5 17. Be2 Bxh6 18. Qxh6 f5 19. Qf4 e6 20. Ne3 Qf6 21. Rad1 fxe4 22.
Qxf6 Rxf6 23. dxe6 Rxe6 24. Nd5 Nxd5 25. Rxd5 c4 26. Rd4 b3 27. cxb3 Rxb3 28.
Rxe4 d5 29. Bg4 dxe4 30. Bxe6+ Kg7 31. Rxe4 Kf6 32. Bxc4 Nxc4 33. Rxc4 Rxb2 34.
Rc6+ Kf5 35. g3 h5 36. Rxa6 Ra2 37. Kg2 Ra3 38. a5 g5 39. hxg5 Kxg5 40. Ra8 Ra2
41. a6 Kh6 42. a7 Kg7 43. Kh3 Ra4 44. f4 Ra5 45. f5 1-0